000 00455nam a2200157 i 4500
001 77056
003 ES-MaACL
005 20230906173057.0
007 t|
008 041006s1969 sp ||||1| spa d
100 1 _aGutiérrez Albelo, Emeterio.
_961082
245 1 0 _aAntología poética /
_cE. Gutiérrez Albelo.
260 _aBilbao :
_bComunicación Literaria de Autores,
_c[1969]
300 _a174 p. ;
_c19 cm.
852 _aES-MaACL
_jC-40049
_bR.71815
999 _c77056
_d77056